000 01117cam a2200361 a 4500
001 22452
003 SK-KTurca
005 20260328123354.0
008 240226s2004 xo gr 000 f slo
015 _aSNBA2004/05-01731
020 _a8055106967
035 _aSNK000427294
035 _aurn:nbn:sk:snk-am3j2br
035 _a4A1441DB-5216-433F-A8C0-A3C1FA986C65
035 _aurn:nbn:sk:snk-am00gfow
040 _aSNK
_bslo
_cSNK
_eAACR2
041 1 _aslo
_heng
044 _axo
_cSK
072 7 _a821.111-3
_xAnglická próza, anglicky písaná
_2konspekt
080 _a821.111 -3
_21997
080 _a821.111-31
_22011
080 _a(0:82-312.5)
_22011
100 1 _aCartland, Barbara,
_d1902-2000
_4aut
240 1 0 _aLove in the Moon
_lSlovensky
245 1 0 _aLáska na Loire
_cBarbara Cartlandová ; [z anglického originálu preložila Mária Lalíková]
250 _a[1. vyd.]
260 _aBratislava
_bIkar
_c2004
300 _a159 strán
_c21 cm
655 7 _aanglické romány
_2SNKPH
655 7 _aľúbostné romány
_2SNKPH
700 1 _aLalíková, Mária
_4trl
942 _2ddc
_cKLDO
_n0
999 _c22452
_d22452